[Event "ODJM C 2024"]
[Site "Willingen GER"]
[Date "2024.05.24"]
[Round "8"]
[White "Betz, Niclas"]
[Black "Jamalli, Ali"]
[Result "0-1"]
[Termination "normal"]
[Board "12"]
[WhiteElo "1658"]
[BlackElo "1544"]
[WhiteClock "01:07:43"]
[BlackClock "00:11:48"]
[PlyCount "102"]
[WhiteFideId "34616748"]
[BlackFideId "34691464"]
[EventCountry "GER"]
[EventRounds "9"]
[EventType "swiss"]
[EventDate "2024.05.18"]

1. e4 {[%clk 01:30:57]} {[%emt 00:00:02]} c5 {[%clk 01:30:25]} {[%emt
00:00:36]} 2. Nf3 {[%clk 01:31:20]} {[%emt 00:00:07]} d6 {[%clk 01:30:50]}
{[%emt 00:00:06]} 3. d4 {[%clk 01:31:43]} {[%emt 00:00:06]} cxd4 {[%clk
01:30:45]} {[%emt 00:00:34]} 4. Nxd4 {[%clk 01:32:08]} {[%emt 00:00:05]} Nf6
{[%clk 01:30:57]} {[%emt 00:00:19]} 5. Nc3 {[%clk 01:32:26]} {[%emt 00:00:12]}
Nc6 {[%clk 01:30:30]} {[%emt 00:00:57]} 6. Be3 {[%clk 01:30:39]} {[%emt
00:02:16]} g6 {[%clk 01:30:41]} {[%emt 00:00:20]} 7. f3 {[%clk 01:27:55]}
{[%emt 00:03:14]} Bg7 {[%clk 01:28:45]} {[%emt 00:02:26]} 8. Bc4 {[%clk
01:27:58]} {[%emt 00:00:27]} Na5 {[%clk 01:24:26]} {[%emt 00:04:49]} 9. Be2
{[%clk 01:23:54]} {[%emt 00:04:34]} O-O {[%clk 01:21:47]} {[%emt 00:03:08]} 10.
Qd2 {[%clk 01:23:47]} {[%emt 00:00:37]} Nc6 {[%clk 01:19:18]} {[%emt 00:02:59]}
11. Nxc6 {[%clk 01:23:55]} {[%emt 00:00:23]} bxc6 {[%clk 01:19:44]} {[%emt
00:00:05]} 12. O-O-O {[%clk 01:24:13]} {[%emt 00:00:11]} Be6 {[%clk 01:11:27]}
{[%emt 00:08:47]} 13. g4 {[%clk 01:24:04]} {[%emt 00:00:39]} Qa5 {[%clk
01:06:32]} {[%emt 00:05:25]} 14. a3 {[%clk 01:24:20]} {[%emt 00:00:13]} Nd7
{[%clk 01:02:57]} {[%emt 00:04:06]} 15. Bd4 {[%clk 01:21:07]} {[%emt 00:03:42]}
Bxd4 {[%clk 00:53:25]} {[%emt 00:10:02]} 16. Qxd4 {[%clk 01:21:25]} {[%emt
00:00:12]} Qg5+ {[%clk 00:53:44]} {[%emt 00:00:11]} 17. Kb1 {[%clk 01:21:28]}
{[%emt 00:00:27]} c5 {[%clk 00:51:04]} {[%emt 00:03:11]} 18. Qf2 {[%clk
01:21:16]} {[%emt 00:00:41]} Qf4 {[%clk 00:49:50]} {[%emt 00:01:45]} 19. Rhg1
{[%clk 01:20:48]} {[%emt 00:00:58]} f6 {[%clk 00:44:25]} {[%emt 00:05:55]} 20.
h4 {[%clk 01:19:43]} {[%emt 00:01:34]} Qh6 {[%clk 00:34:50]} {[%emt 00:10:06]}
21. g5 {[%clk 01:19:11]} {[%emt 00:01:02]} fxg5 {[%clk 00:33:34]} {[%emt
00:01:45]} 22. hxg5 {[%clk 01:19:26]} {[%emt 00:00:15]} Qg7 {[%clk 00:33:59]}
{[%emt 00:00:05]} 23. Rh1 {[%clk 01:18:04]} {[%emt 00:01:50]} Qe5 {[%clk
00:29:49]} {[%emt 00:04:42]} 24. Qh4 {[%clk 01:18:15]} {[%emt 00:00:19]} Rf7
{[%clk 00:29:24]} {[%emt 00:00:56]} 25. Nd5 {[%clk 01:16:57]} {[%emt 00:01:47]}
Rb8 {[%clk 00:25:37]} {[%emt 00:04:17]} 26. c3 {[%clk 01:13:27]} {[%emt
00:04:00]} Bxd5 {[%clk 00:23:41]} {[%emt 00:02:26]} 27. Rxd5 {[%clk 01:10:49]}
{[%emt 00:03:09]} Qf4 {[%clk 00:23:42]} {[%emt 00:00:29]} 28. Qh3 {[%clk
01:10:25]} {[%emt 00:00:54]} Qe3 {[%clk 00:19:08]} {[%emt 00:05:02]} 29. Qxd7
{[%clk 01:06:27]} {[%emt 00:04:29]} Qxe2 {[%clk 00:17:25]} {[%emt 00:02:13]}
30. b4 {[%clk 01:06:26]} {[%emt 00:00:32]} Qxf3 {[%clk 00:16:11]} {[%emt
00:01:44]} 31. Re1 {[%clk 01:05:36]} {[%emt 00:01:20]} Qg3 {[%clk 00:15:23]}
{[%emt 00:01:17]} 32. Rc1 {[%clk 01:05:34]} {[%emt 00:00:31]} cxb4 {[%clk
00:14:01]} {[%emt 00:01:54]} 33. Qxa7 {[%clk 01:05:47]} {[%emt 00:00:17]} Rbf8
{[%clk 00:13:26]} {[%emt 00:01:04]} 34. axb4 {[%clk 01:05:39]} {[%emt
00:00:38]} e6 {[%clk 00:13:01]} {[%emt 00:00:55]} 35. Rg1 {[%clk 01:04:39]}
{[%emt 00:01:31]} Rxa7 {[%clk 00:12:57]} {[%emt 00:00:34]} 36. Rxg3 {[%clk
01:05:04]} {[%emt 00:00:05]} exd5 {[%clk 00:13:18]} {[%emt 00:00:09]} 37. exd5
{[%clk 01:05:33]} {[%emt 00:00:01]} Rf5 {[%clk 00:13:29]} {[%emt 00:00:19]} 38.
c4 {[%clk 01:05:51]} {[%emt 00:00:12]} Rc7 {[%clk 00:13:29]} {[%emt 00:00:30]}
39. Rg4 {[%clk 01:05:58]} {[%emt 00:00:22]} Rb7 {[%clk 00:13:15]} {[%emt
00:00:45]} 40. b5 {[%clk 01:06:13]} {[%emt 00:00:15]} Rb6 {[%clk 00:13:43]}
{[%emt 00:00:02]} 41. Kb2 {[%clk 01:06:29]} {[%emt 00:00:14]} Rf3 {[%clk
00:13:10]} {[%emt 00:01:03]} 42. Rh4 {[%emt 00:01:23]} Rb8 {[%clk 00:13:03]}
43. Re4 {[%clk 01:06:19]} {[%emt 00:00:24]} Rc8 {[%clk 00:11:25]} {[%emt
00:02:08]} 44. Re6 {[%clk 01:05:59]} {[%emt 00:00:51]} Rxc4 {[%clk 00:10:29]}
{[%emt 00:01:26]} 45. Rxd6 {[%clk 01:06:25]} {[%emt 00:00:04]} Rb4+ {[%clk
00:10:40]} {[%emt 00:00:19]} 46. Kc2 {[%clk 01:06:45]} {[%emt 00:00:09]} Rxb5
{[%clk 00:10:58]} {[%emt 00:00:12]} 47. Rd8+ {[%clk 01:07:13]} {[%emt
00:00:03]} Kf7 {[%clk 00:11:03]} {[%emt 00:00:25]} 48. Rd7+ {[%clk 01:07:24]}
{[%emt 00:00:19]} Ke8 {[%clk 00:11:21]} {[%emt 00:00:11]} 49. Rxh7 {[%clk
01:07:25]} {[%emt 00:00:28]} Rxd5 {[%clk 00:11:34]} {[%emt 00:00:17]} 50. Rh8+
{[%clk 01:07:20]} {[%emt 00:00:36]} Rf8 {[%clk 00:11:40]} {[%emt 00:00:24]} 51.
Rh7 {[%clk 01:07:43]} {[%emt 00:00:08]} Rxg5 {[%clk 00:11:48]} {[%emt
00:00:22]} 0-1

[Event "ODJM C 2024"]
[Site "Willingen GER"]
[Date "2024.05.24"]
[Round "8"]
[White "Döscher, Rasmus"]
[Black "Finck, Julius"]
[Result "1-0"]
[Termination "normal"]
[Board "14"]
[WhiteElo "1503"]
[BlackElo "1579"]
[WhiteClock "01:10:14"]
[BlackClock "00:58:31"]
[PlyCount "41"]
[WhiteFideId "34625038"]
[BlackFideId "34660429"]
[EventCountry "GER"]
[EventRounds "9"]
[EventType "swiss"]
[EventDate "2024.05.18"]

1. d4 {[%clk 01:30:58]} {[%emt 00:00:02]} d5 {[%clk 01:30:32]} {[%emt
00:00:27]} 2. c4 {[%clk 01:31:11]} {[%emt 00:00:18]} e6 {[%clk 01:30:24]}
{[%emt 00:00:38]} 3. Nc3 {[%clk 01:31:14]} {[%emt 00:00:27]} Be7 {[%clk
01:30:24]} {[%emt 00:00:30]} 4. Nf3 {[%clk 01:31:02]} {[%emt 00:00:42]} Nf6
{[%clk 01:30:19]} {[%emt 00:00:34]} 5. Bf4 {[%clk 01:30:59]} {[%emt 00:00:33]}
O-O {[%clk 01:30:23]} {[%emt 00:00:26]} 6. e3 {[%clk 01:30:23]} {[%emt
00:01:06]} b6 {[%clk 01:27:23]} {[%emt 00:03:31]} 7. Rc1 {[%clk 01:27:46]}
{[%emt 00:03:07]} Bb7 {[%clk 01:27:15]} {[%emt 00:00:38]} 8. Bd3 {[%clk
01:26:50]} {[%emt 00:01:26]} dxc4 {[%clk 01:26:50]} {[%emt 00:00:55]} 9. Bxc4
{[%clk 01:26:55]} {[%emt 00:00:25]} c5 {[%clk 01:26:16]} {[%emt 00:01:04]} 10.
O-O {[%clk 01:23:51]} {[%emt 00:03:34]} Nh5 {[%clk 01:22:28]} {[%emt 00:04:18]}
11. Be5 {[%clk 01:22:41]} {[%emt 00:01:40]} Nd7 {[%clk 01:19:03]} {[%emt
00:03:55]} 12. Rc2 {[%clk 01:19:44]} {[%emt 00:03:27]} Nxe5 {[%clk 01:17:59]}
{[%emt 00:01:34]} 13. Nxe5 {[%clk 01:19:50]} {[%emt 00:00:23]} Nf6 {[%clk
01:18:12]} {[%emt 00:00:16]} 14. Rd2 {[%clk 01:17:47]} {[%emt 00:02:34]} Qc7
{[%clk 01:14:55]} {[%emt 00:03:45]} 15. f4 {[%clk 01:14:55]} {[%emt 00:03:23]}
Ne4 {[%clk 01:11:50]} {[%emt 00:03:33]} 16. Nxe4 {[%clk 01:13:53]} {[%emt
00:01:34]} Bxe4 {[%clk 01:09:37]} {[%emt 00:02:44]} 17. d5 {[%clk 01:10:58]}
{[%emt 00:03:25]} Rfd8 {[%clk 01:08:09]} {[%emt 00:01:51]} 18. dxe6 {[%clk
01:10:28]} {[%emt 00:01:07]} fxe6 {[%clk 01:02:48]} {[%emt 00:05:51]} 19. Bxe6+
{[%clk 01:10:43]} {[%emt 00:00:16]} Kf8 {[%clk 01:02:28]} {[%emt 00:00:48]} 20.
Nd7+ {[%clk 01:10:30]} {[%emt 00:00:46]} Ke8 {[%clk 00:58:31]} {[%emt
00:04:24]} 21. f5 {[%clk 01:10:14]} {[%emt 00:00:49]} 1-0

[Event "ODJM C 2024"]
[Site "Willingen GER"]
[Date "2024.05.24"]
[Round "8"]
[White "Englert, Ann"]
[Black "Luible, Sebastian"]
[Result "1-0"]
[Termination "normal"]
[Board "15"]
[WhiteElo "1530"]
[BlackElo "1181"]
[WhiteClock "00:37:39"]
[BlackClock "00:53:04"]
[PlyCount "120"]
[WhiteFideId "34606181"]
[BlackFideId "533001944"]
[EventCountry "GER"]
[EventRounds "9"]
[EventType "swiss"]
[EventDate "2024.05.18"]

1. d4 {[%clk 01:30:58]} {[%emt 00:00:01]} d5 {[%clk 01:30:56]} {[%emt
00:00:04]} 2. c4 {[%clk 01:31:20]} {[%emt 00:00:08]} e6 {[%clk 01:31:14]}
{[%emt 00:00:12]} 3. Nc3 {[%clk 01:31:29]} {[%emt 00:00:21]} Nf6 {[%clk
01:31:26]} {[%emt 00:00:18]} 4. cxd5 {[%clk 01:31:31]} {[%emt 00:00:29]} Nxd5
{[%clk 01:31:43]} {[%emt 00:00:13]} 5. e4 {[%clk 01:30:36]} {[%emt 00:01:24]}
Nxc3 {[%clk 01:30:55]} {[%emt 00:01:19]} 6. bxc3 {[%clk 01:30:36]} {[%emt
00:00:30]} c5 {[%clk 01:30:27]} {[%emt 00:00:58]} 7. Nf3 {[%clk 01:29:41]}
{[%emt 00:01:25]} cxd4 {[%clk 01:30:40]} {[%emt 00:00:17]} 8. cxd4 {[%clk
01:29:14]} {[%emt 00:00:57]} Bb4+ {[%clk 01:29:53]} {[%emt 00:01:17]} 9. Bd2
{[%clk 01:28:35]} {[%emt 00:01:08]} Bxd2+ {[%clk 01:30:00]} {[%emt 00:00:20]}
10. Qxd2 {[%clk 01:25:11]} {[%emt 00:03:57]} O-O {[%clk 01:29:48]} {[%emt
00:00:43]} 11. Bc4 {[%clk 01:23:18]} {[%emt 00:02:22]} b6 {[%clk 01:28:38]}
{[%emt 00:01:38]} 12. O-O {[%clk 01:19:32]} {[%emt 00:04:17]} Bb7 {[%clk
01:26:52]} {[%emt 00:02:15]} 13. Rfe1 {[%clk 01:16:56]} {[%emt 00:03:06]} Qc7
{[%clk 01:23:42]} {[%emt 00:03:42]} 14. Rac1 {[%clk 01:15:04]} {[%emt
00:02:20]} Qe7 {[%clk 01:22:36]} {[%emt 00:01:36]} 15. Bb3 {[%clk 01:12:44]}
{[%emt 00:02:51]} Na6 {[%clk 01:19:07]} {[%emt 00:03:59]} 16. Qe3 {[%clk
01:08:03]} {[%emt 00:05:11]} Rac8 {[%clk 01:16:16]} {[%emt 00:03:20]} 17. Ne5
{[%clk 01:02:55]} {[%emt 00:05:39]} f6 {[%clk 01:14:37]} {[%emt 00:02:08]} 18.
Nf3 {[%clk 01:02:00]} {[%emt 00:01:26]} Rxc1 {[%clk 01:12:36]} {[%emt
00:02:31]} 19. Rxc1 {[%clk 01:01:56]} {[%emt 00:00:34]} Rd8 {[%clk 01:09:36]}
{[%emt 00:03:30]} 20. h3 {[%clk 00:55:38]} {[%emt 00:06:49]} Kf8 {[%clk
01:08:50]} {[%emt 00:01:15]} 21. Nd2 {[%emt 00:08:37]} Qd6 {[%clk 01:04:38]}
{[%emt 00:00:13]} 22. Nf3 {[%clk 00:49:03]} {[%emt 00:03:26]} Ke7 {[%clk
01:01:53]} {[%emt 00:03:15]} 23. Bc4 {[%clk 00:41:15]} {[%emt 00:08:16]} g6
{[%clk 01:00:47]} {[%emt 00:01:39]} 24. Qh6 {[%clk 00:38:33]} {[%emt 00:03:09]}
Rf8 {[%clk 00:55:26]} {[%emt 00:05:52]} 25. Qxh7+ {[%clk 00:38:09]} {[%emt
00:00:55]} Rf7 {[%clk 00:55:42]} {[%emt 00:00:14]} 26. Qxg6 {[%clk 00:38:12]}
{[%emt 00:00:28]} Qf4 {[%clk 00:55:47]} {[%emt 00:00:24]} 27. Re1 {[%clk
00:37:35]} {[%emt 00:01:03]} Qc7 {[%clk 00:55:34]} {[%emt 00:00:46]} 28. Bxa6
{[%clk 00:37:21]} {[%emt 00:00:45]} Bxa6 {[%clk 00:55:49]} {[%emt 00:00:15]}
29. e5 {[%clk 00:35:45]} {[%emt 00:02:06]} Bb7 {[%clk 00:54:55]} {[%emt
00:01:23]} 30. exf6+ {[%clk 00:34:32]} {[%emt 00:01:44]} Rxf6 {[%clk 00:55:00]}
{[%emt 00:00:24]} 31. Qg7+ {[%clk 00:34:32]} {[%emt 00:00:31]} Rf7 {[%clk
00:54:44]} {[%emt 00:00:46]} 32. Qg5+ {[%clk 00:34:33]} {[%emt 00:00:28]} Rf6
{[%clk 00:54:32]} {[%emt 00:00:42]} 33. Ne5 {[%clk 00:33:46]} {[%emt 00:01:18]}
Qc3 {[%clk 00:52:33]} {[%emt 00:02:29]} 34. Qg7+ {[%clk 00:32:47]} {[%emt
00:01:29]} Ke8 {[%clk 00:52:15]} {[%emt 00:00:46]} 35. Qd7+ {[%clk 00:32:47]}
{[%emt 00:00:30]} Kf8 {[%clk 00:52:30]} {[%emt 00:00:16]} 36. Qd8+ {[%clk
00:32:33]} {[%emt 00:00:44]} Kg7 {[%clk 00:52:37]} {[%emt 00:00:25]} 37. Qe7+
{[%clk 00:32:47]} {[%emt 00:00:16]} Kg8 {[%clk 00:52:13]} {[%emt 00:00:55]} 38.
Rf1 {[%clk 00:32:34]} {[%emt 00:00:44]} Rh6 {[%clk 00:50:45]} {[%emt 00:01:57]}
39. Qf7+ {[%clk 00:32:42]} {[%emt 00:00:21]} Kh8 {[%clk 00:50:54]} {[%emt
00:00:22]} 40. Ng6+ {[%clk 00:32:42]} {[%emt 00:00:30]} Rxg6 {[%clk 00:51:00]}
{[%emt 00:00:24]} 41. Qxg6 {[%clk 00:32:57]} {[%emt 00:00:15]} Qc6 {[%clk
00:50:34]} {[%emt 00:00:56]} 42. Re1 {[%clk 00:32:45]} {[%emt 00:00:39]} b5
{[%clk 00:49:58]} {[%emt 00:01:09]} 43. Rxe6 {[%clk 00:32:43]} {[%emt
00:00:32]} Qc1+ {[%clk 00:50:00]} {[%emt 00:00:28]} 44. Kh2 {[%clk 00:33:00]}
{[%emt 00:00:12]} Qf4+ {[%clk 00:50:19]} {[%emt 00:00:11]} 45. Qg3 {[%clk
00:33:22]} {[%emt 00:00:08]} Qxg3+ {[%clk 00:50:21]} {[%emt 00:00:28]} 46. Kxg3
{[%clk 00:33:42]} {[%emt 00:00:10]} Bd5 {[%clk 00:50:47]} {[%emt 00:00:04]} 47.
Re8+ {[%clk 00:33:57]} {[%emt 00:00:14]} Bg8 {[%clk 00:50:59]} {[%emt
00:00:19]} 48. d5 {[%clk 00:34:14]} {[%emt 00:00:13]} Kg7 {[%clk 00:50:57]}
{[%emt 00:00:32]} 49. d6 {[%clk 00:34:41]} {[%emt 00:00:03]} Bf7 {[%clk
00:50:09]} {[%emt 00:01:17]} 50. d7 {[%clk 00:34:46]} {[%emt 00:00:25]} Bxe8
{[%clk 00:50:31]} {[%emt 00:00:09]} 51. dxe8=Q {[%clk 00:35:06]} {[%emt
00:00:08]} b4 {[%clk 00:50:48]} {[%emt 00:00:14]} 52. Kf4 {[%emt 00:00:39]} a5
{[%clk 00:51:04]} 53. Qe5+ {[%clk 00:35:29]} {[%emt 00:00:09]} Kf7 {[%clk
00:51:27]} {[%emt 00:00:09]} 54. Qxa5 {[%clk 00:35:51]} {[%emt 00:00:08]} b3
{[%clk 00:51:31]} {[%emt 00:00:27]} 55. axb3 {[%clk 00:36:15]} {[%emt
00:00:05]} Ke6 {[%clk 00:51:46]} {[%emt 00:00:15]} 56. b4 {[%clk 00:36:31]}
{[%emt 00:00:14]} Kd6 {[%clk 00:51:57]} {[%emt 00:00:19]} 57. b5 {[%clk
00:36:49]} {[%emt 00:00:13]} Ke6 {[%clk 00:52:22]} {[%emt 00:00:05]} 58. b6
{[%clk 00:37:12]} {[%emt 00:00:07]} Ke7 {[%clk 00:52:40]} {[%emt 00:00:11]} 59.
b7 {[%clk 00:37:26]} {[%emt 00:00:16]} Kd6 {[%clk 00:52:43]} {[%emt 00:00:26]}
60. b8=Q+ {[%clk 00:37:39]} {[%emt 00:00:19]} Kd7 {[%clk 00:53:04]} {[%emt
00:00:08]} 1-0

[Event "ODJM C 2024"]
[Site "Willingen GER"]
[Date "2024.05.24"]
[Round "8"]
[White "Knaudt, Anna"]
[Black "Nguyen Trung, Atticus"]
[Result "0-1"]
[Termination "normal"]
[Board "16"]
[WhiteElo "1330"]
[BlackElo "1581"]
[WhiteClock "00:01:32"]
[BlackClock "00:04:44"]
[PlyCount "64"]
[WhiteFideId "533001910"]
[BlackFideId "34670041"]
[EventCountry "GER"]
[EventRounds "9"]
[EventType "swiss"]
[EventDate "2024.05.18"]

1. e4 {[%clk 01:30:57]} {[%emt 00:00:02]} e5 {[%clk 01:30:48]} {[%emt
00:00:13]} 2. Nf3 {[%clk 01:31:23]} {[%emt 00:00:04]} Nc6 {[%clk 01:31:03]}
{[%emt 00:00:14]} 3. Bc4 {[%clk 01:31:46]} {[%emt 00:00:07]} Bc5 {[%clk
01:31:28]} {[%emt 00:00:06]} 4. c3 {[%clk 01:32:11]} {[%emt 00:00:05]} Nf6
{[%clk 01:31:51]} {[%emt 00:00:07]} 5. d3 {[%clk 01:32:37]} {[%emt 00:00:04]}
d6 {[%clk 01:32:09]} {[%emt 00:00:12]} 6. O-O {[%clk 01:32:37]} {[%emt
00:00:29]} Na5 {[%clk 01:31:33]} {[%emt 00:01:04]} 7. Bxf7+ {[%clk 01:13:06]}
{[%emt 00:20:02]} Kxf7 {[%clk 01:29:57]} {[%emt 00:02:06]} 8. b4 {[%clk
01:13:30]} {[%emt 00:00:07]} Bxb4 {[%clk 01:27:14]} {[%emt 00:03:13]} 9. cxb4
{[%clk 01:13:25]} {[%emt 00:00:35]} Nc6 {[%clk 01:25:09]} {[%emt 00:02:34]} 10.
Qb3+ {[%clk 01:11:06]} {[%emt 00:02:50]} Ke8 {[%clk 01:19:47]} {[%emt
00:05:49]} 11. Nc3 {[%clk 00:54:06]} {[%emt 00:17:33]} Qe7 {[%clk 01:02:56]}
{[%emt 00:17:15]} 12. Bg5 {[%clk 00:43:15]} {[%emt 00:11:26]} h6 {[%clk
00:39:07]} {[%emt 00:24:18]} 13. Nd5 {[%clk 00:42:24]} {[%emt 00:01:22]} Qd8
{[%clk 00:36:10]} {[%emt 00:03:23]} 14. Nxf6+ {[%clk 00:41:16]} {[%emt
00:01:42]} gxf6 {[%clk 00:36:04]} {[%emt 00:00:35]} 15. Be3 {[%clk 00:36:04]}
{[%emt 00:05:43]} Qe7 {[%clk 00:34:08]} {[%emt 00:02:21]} 16. Rac1 {[%clk
00:25:54]} {[%emt 00:10:46]} Be6 {[%clk 00:30:11]} {[%emt 00:04:25]} 17. Qc3
{[%clk 00:26:12]} {[%emt 00:00:13]} Rc8 {[%clk 00:23:14]} {[%emt 00:07:27]} 18.
a3 {[%clk 00:26:19]} {[%emt 00:00:23]} a6 {[%clk 00:20:27]} {[%emt 00:03:17]}
19. Nh4 {[%clk 00:25:08]} {[%emt 00:01:42]} Qg7 {[%clk 00:16:00]} {[%emt
00:04:48]} 20. Nf5 {[%clk 00:22:55]} {[%emt 00:02:52]} Bxf5 {[%clk 00:15:41]}
{[%emt 00:00:49]} 21. exf5 {[%clk 00:23:16]} {[%emt 00:00:09]} d5 {[%clk
00:15:31]} {[%emt 00:00:40]} 22. d4 {[%clk 00:19:07]} {[%emt 00:04:40]} Rg8
{[%clk 00:12:37]} {[%emt 00:03:23]} 23. g3 {[%clk 00:19:21]} {[%emt 00:00:16]}
Qg4 {[%clk 00:09:43]} {[%emt 00:03:21]} 24. Rfe1 {[%clk 00:18:20]} {[%emt
00:01:34]} e4 {[%clk 00:09:15]} {[%emt 00:00:58]} 25. Bxh6 {[%clk 00:15:09]}
{[%emt 00:03:41]} Qxf5 {[%clk 00:08:41]} {[%emt 00:01:03]} 26. f3 {[%clk
00:14:01]} {[%emt 00:01:38]} Kd8 {[%clk 00:06:19]} {[%emt 00:02:42]} 27. fxe4
{[%clk 00:13:55]} {[%emt 00:00:47]} dxe4 {[%clk 00:06:27]} {[%emt 00:00:22]}
28. d5 {[%clk 00:11:58]} {[%emt 00:02:27]} Ne5 {[%clk 00:06:14]} {[%emt
00:00:43]} 29. Red1 {[%clk 00:08:23]} {[%emt 00:04:06]} Nf3+ {[%clk 00:06:31]}
{[%emt 00:00:13]} 30. Kg2 {[%clk 00:05:22]} {[%emt 00:03:31]} Rh8 {[%clk
00:04:32]} {[%emt 00:02:28]} 31. Bf4 {[%clk 00:01:07]} {[%emt 00:04:47]} Rxh2+
{[%clk 00:04:19]} {[%emt 00:00:43]} 32. Kf1 {[%clk 00:01:32]} {[%emt 00:00:05]}
Qh3# {[%clk 00:04:44]} {[%emt 00:00:05]} 0-1

[Event "ODJM C 2024"]
[Site "Willingen GER"]
[Date "2024.05.24"]
[Round "8"]
[White "Savchuk, Andrej"]
[Black "Claussen, Daniela"]
[Result "1-0"]
[Termination "normal"]
[Board "17"]
[WhiteElo "1576"]
[BlackElo "1436"]
[WhiteClock "00:23:43"]
[BlackClock "00:20:48"]
[PlyCount "63"]
[WhiteFideId "34621180"]
[BlackFideId "16248929"]
[EventCountry "GER"]
[EventRounds "9"]
[EventType "swiss"]
[EventDate "2024.05.18"]

1. e4 {[%clk 01:30:58]} {[%emt 00:00:01]} e6 {[%clk 01:30:48]} {[%emt
00:00:13]} 2. d4 {[%clk 01:30:59]} {[%emt 00:00:30]} b6 {[%clk 01:31:03]}
{[%emt 00:00:15]} 3. Bd3 {[%clk 01:30:29]} {[%emt 00:00:59]} Bb7 {[%clk
01:30:36]} {[%emt 00:00:57]} 4. Ne2 {[%clk 01:30:23]} {[%emt 00:00:34]} c5
{[%clk 01:28:10]} {[%emt 00:02:58]} 5. O-O {[%clk 01:27:36]} {[%emt 00:03:17]}
cxd4 {[%clk 01:26:55]} {[%emt 00:01:45]} 6. Nxd4 {[%clk 01:27:52]} {[%emt
00:00:12]} Bc5 {[%clk 01:25:03]} {[%emt 00:02:24]} 7. Nb3 {[%clk 01:24:47]}
{[%emt 00:03:34]} Qc7 {[%clk 01:23:21]} {[%emt 00:02:11]} 8. Nxc5 {[%clk
01:22:27]} {[%emt 00:02:51]} Qxc5 {[%clk 01:23:35]} {[%emt 00:00:15]} 9. Be3
{[%clk 01:19:48]} {[%emt 00:03:09]} Qe5 {[%clk 01:21:21]} {[%emt 00:02:43]} 10.
Nc3 {[%clk 01:17:48]} {[%emt 00:02:31]} Nf6 {[%clk 01:17:17]} {[%emt 00:04:34]}
11. f4 {[%clk 01:14:47]} {[%emt 00:03:30]} Qc7 {[%clk 01:16:59]} {[%emt
00:00:49]} 12. Nb5 {[%clk 01:08:13]} {[%emt 00:07:04]} Qc6 {[%clk 01:12:48]}
{[%emt 00:04:41]} 13. Rf2 {[%clk 01:04:59]} {[%emt 00:03:44]} O-O {[%clk
01:08:53]} {[%emt 00:04:25]} 14. Nc3 {[%clk 01:03:27]} {[%emt 00:02:02]} d5
{[%clk 01:06:08]} {[%emt 00:03:14]} 15. e5 {[%clk 00:58:17]} {[%emt 00:05:41]}
Ne4 {[%clk 01:05:03]} {[%emt 00:01:35]} 16. Nxe4 {[%clk 00:58:11]} {[%emt
00:00:36]} dxe4 {[%clk 01:05:17]} {[%emt 00:00:17]} 17. Bf1 {[%clk 00:57:36]}
{[%emt 00:01:04]} Na6 {[%clk 01:03:49]} {[%emt 00:01:58]} 18. c3 {[%clk
00:54:57]} {[%emt 00:03:10]} f6 {[%clk 00:58:05]} {[%emt 00:06:15]} 19. exf6
{[%clk 00:51:51]} {[%emt 00:03:35]} Rxf6 {[%clk 00:58:08]} {[%emt 00:00:27]}
20. Bd4 {[%clk 00:47:07]} {[%emt 00:05:14]} Rf7 {[%clk 00:55:08]} {[%emt
00:03:29]} 21. Qg4 {[%clk 00:46:48]} {[%emt 00:00:49]} Re8 {[%clk 00:50:20]}
{[%emt 00:05:19]} 22. a4 {[%clk 00:40:30]} {[%emt 00:06:48]} Nc5 {[%clk
00:49:05]} {[%emt 00:01:44]} 23. Bb5 {[%clk 00:40:00]} {[%emt 00:01:00]} Qc8
{[%clk 00:47:56]} {[%emt 00:01:39]} 24. Bxe8 {[%clk 00:39:54]} {[%emt
00:00:35]} Qxe8 {[%clk 00:48:20]} {[%emt 00:00:08]} 25. Bxc5 {[%clk 00:39:56]}
{[%emt 00:00:27]} bxc5 {[%clk 00:48:41]} {[%emt 00:00:09]} 26. b4 {[%clk
00:39:38]} {[%emt 00:00:48]} Qc8 {[%clk 00:43:33]} {[%emt 00:05:37]} 27. Rd1
{[%clk 00:28:49]} {[%emt 00:11:18]} cxb4 {[%clk 00:39:13]} {[%emt 00:04:51]}
28. cxb4 {[%clk 00:27:55]} {[%emt 00:01:24]} Bd5 {[%clk 00:38:40]} {[%emt
00:01:03]} 29. Rxd5 {[%clk 00:27:15]} {[%emt 00:01:11]} e3 {[%clk 00:35:03]}
{[%emt 00:04:07]} 30. Rf1 {[%clk 00:26:43]} {[%emt 00:01:01]} Qc4 {[%clk
00:23:56]} {[%emt 00:11:37]} 31. Qxe6 {[%clk 00:23:50]} {[%emt 00:03:23]} Qc7
{[%clk 00:20:48]} {[%emt 00:03:38]} 32. Qxe3 {[%clk 00:23:43]} {[%emt
00:00:37]} 1-0